Bernardo de Balbuena : Biografía y crítica /

Nacido en Valdepeñas, España, hacia el año 1568, el escritor y religioso Bernardo de Balbuena contaba con dos o tres años de edad cuando su padre le llevó consigo a la Nueva Galicia. Cursó estudios en la Universidad de México hacia los años 1585-1590, cuando participó y fue galardonado en algunos ce...

Descrizione completa

Salvato in:
Dettagli Bibliografici
Altri autori: Horne, John van (autor) (autor)
Natura: Libro
Lingua:spagnolo
Soggetti:
Tags: Aggiungi Tag
Nessun Tag, puoi essere il primo ad aggiungerne!!

MARC

LEADER 00000nam^a2200000^a^4500
001 000157859
005 20250521000000.0
009 20260310100553.03
037 |a Acervo ITESO - Biblioteca 
041 |a ESP 
082 |a 972. 35005  |b BOL 1940 V. 6-7 
240 1 1 |a [Boletín de la Junta Auxiliar Jalisciense de la Sociedad Mexicana de Geografía y Estadística] 
245 0 0 |a Bernardo de Balbuena :  |b Biografía y crítica /  |c J. van Horne. 
264 |a Guadalajara, México :  |b Sociedad Mexicana de Geografía y Estadística, Junta Auxiliar Jalisciense,  |c 1940 
300 |a 205 p. 
336 |a texto  |b txt  |2 rdacontenido 
337 |a sin mediación  |b n  |2 rdamedio 
338 |a volumen  |b nc  |2 rdasoporte 
520 |a Nacido en Valdepeñas, España, hacia el año 1568, el escritor y religioso Bernardo de Balbuena contaba con dos o tres años de edad cuando su padre le llevó consigo a la Nueva Galicia. Cursó estudios en la Universidad de México hacia los años 1585-1590, cuando participó y fue galardonado en algunos certámenes literarios, y presentó en la Nueva España la primera de sus tres grandes obras: Grandeza mexicana (1604), poema descriptivo de la ciudad de México que refleja la influencia de Luis de Góngora y de la métrica italiana. Viajó en 1606 a España, donde continuó su formación y su búsqueda de un cargo eclesiástico importante, y publicó dos años después en Madrid Siglo de oro en las selvas de Erífile, novela pastoril en que se sienten los influjos de Lope de Vega y de Iacopo Sannazaro. Nombrado abad de Jamaica, desempeñó este puesto durante los años 1610-1622 y escribió el largo poema en octavas reales titulado El Bernardo o Victoria de Roncesvalles, que será editado en 1624 en Madrid. De Balbuena prosiguió su trayectoria eclesiástica como obispo de Puerto Rico, país en el que falleció en 1627. John van Horne (1889-1959), hispanista norteamericano de origen holandés, aúna el recuento biográfico y el análisis crítico en este trabajo que es considerado fundamental para el estudio de la figura y obra del escritor español. 
649 |a XX 
650 |a Jalisco -  |x Historia -  |x Publicaciones Periódicas 
650 |a Escritores Españoles -  |x Biografías 
650 |a Novela Mexicana -  |x Historia y Crítica 
650 |a Novela Española -  |x Historia y Crítica 
650 |a Poesía Mexicana -  |x Historia y Crítica 
650 |a Poesía Española -  |x Historia y Crítica 
650 |a Poesía Epica -  |x Historia y Crítica 
650 |a Ensayos Norteamericanos 
650 |a Literatura Mexicana -  |x Historia y Crítica 
650 |a Literatura Mexicana -  |y Siglo XVII 
650 |a Literatura Mexicana -  |y Epoca Colonial, 1517-1821 
650 |a Literatura Española -  |x Historia y Crítica 
650 |a Literatura Española -  |y Siglo XVII 
650 |a Literatura Española -  |y Epoca Clásica, 1500-1700 
650 |a Literatura Pastoril -  |x Historia y Crítica 
650 |a Literatura Epica -  |x Historia y Crítica 
650 |a Literatura Norteamericana -  |y Siglo XX 
650 |a Guadalajara, Jalisco -  |x Historia -  |y Siglo XVI 
650 |a Guadalajara, Jalisco -  |x Historia -  |y Virreinato, 1535-1821 
650 |a Guadalajara, Jalisco -  |x Historia -  |y Epoca Colonial, 1517-1821 
650 |a México -  |x Historia -  |y Virreinato, 1535-1821 
650 |a México -  |x Historia -  |y Epoca Colonial, 1517-1821 
650 |a Jamaica -  |x Historia -  |y Siglo XVII 
650 |a Puerto Rico -  |x Historia -  |y Siglo XVII 
650 |a Puerto Rico -  |x Historia -  |y Epoca Colonial, 1508-1898 
650 |a Publicaciones Periódicas Jaliscienses 
650 |a Publicaciones Periódicas Mexicanas 
650 |a Balbuena, Bernardo de 
700 |a Horne, John van  |e (autor) 
910 |a Fondo Salvador Reynoso Reynoso 
920 |a Impresos - Libros 
930 |a Fondos Especiales 
905 |a 112 
901 |a 0800016337  |b IT2  |c ESP  |u 20250521 
902 |a https://opac.biblio.iteso.mx/vufind/Record/000157859